000 nam a22 7a 4500
999 _c10359
_d10359
008 180215b ||||| |||| 00| 0 eng d
100 _aCBSE
_96316
245 _aBasic Concepts Health and Diseases and medical Terminalogy -XII
260 _aNew Delhi
_bCBSE
_c2009